Les dégâts du progrès : Les travailleurs face au changement technique

Gespeichert in:
Bibliographische Detailangaben
Körperschaft: Confédération Française Démocratique du Travail
Format: Buch
Sprache:Undetermined
Veröffentlicht: Paris Éditions du Seuil 1977
Schlagworte:
Tags: Tag hinzufügen
Keine Tags, Fügen Sie den ersten Tag hinzu!
Thư viện lưu trữ: Trung tâm Học liệu Trường Đại học Cần Thơ
LEADER 00682nam a2200217Ia 4500
001 CTU_89889
008 210402s9999 xx 000 0 und d
082 |a 301.5 
082 |b C748 
110 |a Confédération Française Démocratique du Travail 
245 0 |a Les dégâts du progrès : 
245 0 |b Les travailleurs face au changement technique 
245 0 |c Confédération Française Démocratique du Travail 
260 |a Paris 
260 |b Éditions du Seuil 
260 |c 1977 
650 |a Automation,Working class 
650 |x Social aspects 
650 |z France,France 
904 |i Năm 
980 |a Trung tâm Học liệu Trường Đại học Cần Thơ